Guess the Sabrina Carpenter song (no hints) #5 - Statistics

General Stats
  • This quiz has been taken 69 times
  • The average score is 169 of 323
Answer Stats
Lyrics % Correct
I
98%
you
90%
You
90%
a
88%
me
79%
an
77%
your
77%
the
75%
My
73%
my
73%
When
73%
when
73%
And
69%
and
69%
So
67%
so
67%
in
65%
to
65%
that
63%
you're
63%
can
60%
don't
58%
I'm
56%
it
56%
on
56%
get
54%
get,
54%
like,
54%
All
52%
all
52%
did
52%
know
52%
man
52%
at
50%
hot?
48%
Said,
48%
if
46%
look
46%
it's
44%
not
44%
Oh
44%
was
44%
could
42%
had
42%
sudden,
42%
time
42%
up
42%
day
40%
long,
40%
take,
40%
take
40%
Take
40%
Baby,
38%
baby,
38%
Back
38%
back
38%
down
38%
Now
38%
"Sabrina,
38%
think
38%
were
38%
with
38%
bet
33%
'Bout
33%
but
33%
face
33%
"Huh"
33%
remember
33%
would
33%
Devin?"
31%
double
31%
friends
31%
friends'
31%
grow
31%
has
31%
horse
31%
plant
31%
rodeo
31%
untouched
31%
walk
31%
Bone-dry,
29%
convention
29%
place
29%
prospect
29%
see
29%
triple
29%
Congratulations
27%
direction
27%
hand?
27%
need
27%
than
27%
Big
25%
car
25%
here
25%
light
25%
mm,
25%
naked
25%
new
25%
Twister
25%
uh
25%
bigger
23%
improvements
23%
lift
23%
rod's,
23%
Sorry,
23%
ugly
23%
fine
21%
kid,
21%
sexy
21%
wait,
21%
Wait,
21%
Zeus's
21%
comes
19%
Lord,
19%
risen
19%
Thank
19%
vision
19%
coming,
17%
minute
17%
Okay,
17%
plot
17%
riff
17%
thickening
17%
Hey,
15%
Uh-huh,
10%
uh-huh
10%
uh-huh,
10%
No matching quizzes found
Score Distribution
Percent of People with Each Score
Percentile by Number Answered
Your Score History
You have not taken this quiz